[Event "4NCL Division 2c"]
[Site "Birmingham, ENG"]
[Date "2016.03.20"]
[Round "8.242"]
[White "Foord, Dominic"]
[Black "Birtwistle, Nigel"]
[Result "1-0"]
[WhiteElo "2086"]
[BlackElo "2122"]
[PlyCount "76"]
[EventDate "2016.03.20"]
[WhiteTeam "KJCA Kings"]
[BlackTeam "Grantham Sharks 2"]

1. d4 Nf6 2. c4 c5 3. d5 b5 4. cxb5 a6 5. f3 e6 6. e4 axb5 7. dxe6 fxe6 8. Bxb5
Ba6 9. Bxa6 Nxa6 10. Nh3 c4 11. O-O Bc5+ 12. Kh1 O-O 13. Nc3 Nb4 14. e5 Nfd5
15. Ne4 Bb6 16. Qe2 Qc7 17. Nd6 Nd3 18. Qe4 Nc5 19. Qxc4 Ra4 20. Qc2 Nb4 21.
Qd1 Nbd3 22. b3 Rh4 23. Qe2 Rh5 24. Nc4 Ba7 25. Be3 Nxe5 26. Bxc5 Qxc5 27. Nxe5
Rxe5 28. Qb2 Rh5 29. Rac1 Qb6 30. Rc4 Qb5 31. Re1 Qd5 32. Rg4 e5 33. Ng5 Bd4
34. Qc2 Qd6 35. Qc4+ Kh8 36. Nf7+ Rxf7 37. Qxf7 Rxh2+ 38. Kxh2 Qh6+ 1-0

[Event "4NCL Division 2c"]
[Site "Birmingham, ENG"]
[Date "2016.03.20"]
[Round "8.243"]
[White "Purton, Ben J"]
[Black "Ball, Laurence"]
[Result "1-0"]
[WhiteElo "2177"]
[BlackElo "2100"]
[PlyCount "46"]
[EventDate "2016.03.20"]
[WhiteTeam "Grantham Sharks 2"]
[BlackTeam "KJCA Kings"]

1. e4 e5 2. Nf3 d6 3. Nc3 g6 4. d4 exd4 5. Qxd4 Nf6 6. Bg5 Bg7 7. e5 Nc6 8.
exf6 Nxd4 9. fxg7 Nxf3+ 10. gxf3 Rg8 11. Bxd8 Kxd8 12. O-O-O Rxg7 13. Bc4 Bd7
14. Rhe1 a6 15. a3 Rb8 16. Bb3 Bc6 17. Ne4 f5 18. Ng5 Bd7 19. f4 b5 20. Re3 Rb6
21. Rh3 h5 22. Re3 a5 23. Be6 Be8 1-0

[Event "4NCL Division 2c"]
[Site "Birmingham, ENG"]
[Date "2016.03.20"]
[Round "8.244"]
[White "Golding, James"]
[Black "Mcgowan, Daniel"]
[Result "1/2-1/2"]
[WhiteElo "2068"]
[BlackElo "2152"]
[PlyCount "75"]
[EventDate "2016.03.20"]
[WhiteTeam "KJCA Kings"]
[BlackTeam "Grantham Sharks 2"]

1. d4 e6 2. Nf3 Nf6 3. c4 d5 4. Bg5 Be7 5. Nc3 Nbd7 6. e3 O-O 7. Bd3 h6 8. Bh4
b6 9. O-O Bb7 10. Qe2 Ne4 11. Bg3 Nxg3 12. hxg3 dxc4 13. Bxc4 a6 14. Rfd1 Qe8
15. Rac1 b5 16. Bb3 c5 17. d5 c4 18. dxe6 fxe6 19. Bc2 Rd8 20. Nd4 Bf6 21. Qg4
Bxd4 22. Rxd4 Qf7 23. Qe2 Nf6 24. Rcd1 Rxd4 25. Rxd4 Qc7 26. Qd2 e5 27. Rd6 b4
28. Nd1 a5 29. f4 exf4 30. gxf4 Qc5 31. Qd4 Qxd4 32. Rxd4 Rc8 33. Bf5 c3 34.
bxc3 bxc3 35. Bxc8 c2 36. Bxb7 c1=Q 37. Bf3 Kf8 38. a4 1/2-1/2

[Event "4NCL Division 2c"]
[Site "Birmingham, ENG"]
[Date "2016.03.20"]
[Round "8.245"]
[White "Willis, Rupert"]
[Black "Lunn, Matthew"]
[Result "1/2-1/2"]
[WhiteElo "2153"]
[BlackElo "2058"]
[PlyCount "30"]
[EventDate "2016.03.20"]
[WhiteTeam "Grantham Sharks 2"]
[BlackTeam "KJCA Kings"]

1. c4 g6 2. Nc3 Bg7 3. g3 c5 4. Bg2 Nc6 5. a3 d6 6. Nf3 e5 7. O-O Nge7 8. Ne1
Be6 9. Nd5 O-O 10. d3 Rb8 11. Nc2 b5 12. b4 e4 13. Bg5 f6 14. Be3 bxc4 15. dxc4
f5 1/2-1/2

[Event "4NCL Division 2c"]
[Site "Birmingham, ENG"]
[Date "2016.03.20"]
[Round "8.246"]
[White "Anilkumar, Anantha P"]
[Black "Milson, Samuel A"]
[Result "0-1"]
[WhiteElo "1980"]
[BlackElo "2102"]
[PlyCount "76"]
[EventDate "2016.03.20"]
[WhiteTeam "KJCA Kings"]
[BlackTeam "Grantham Sharks 2"]

1. d4 d5 2. c4 c6 3. Nc3 Nf6 4. e3 a6 5. Qc2 g6 6. Bd3 Bg7 7. Nf3 O-O 8. O-O
Nbd7 9. Bd2 Re8 10. cxd5 cxd5 11. Rfd1 b5 12. b4 Bb7 13. a4 bxa4 14. Nxa4 e5
15. dxe5 Ne4 16. Nc5 Nexc5 17. bxc5 Rc8 18. Ba5 Qe7 19. c6 Rxc6 20. Qb3 Nxe5
21. Nxe5 Bxe5 22. Rab1 Ba8 23. Bb4 Qh4 24. g3 Qg4 25. Qa2 Rb6 26. Be2 Qf5 27.
Bc5 Rxb1 28. Rxb1 d4 29. Bxd4 Qe4 30. f3 Bxd4 31. exd4 Qxd4+ 32. Kg2 Qe3 33.
Rb2 g5 34. Qa4 h5 35. h3 Bd5 36. Qb4 Re5 37. Qb8+ Kg7 38. Qb4 Rf5 0-1

[Event "4NCL Division 2c"]
[Site "Birmingham, ENG"]
[Date "2016.03.20"]
[Round "8.247"]
[White "Murphy, Hugh W"]
[Black "Verma, Aditya"]
[Result "1/2-1/2"]
[WhiteElo "2118"]
[BlackElo "1855"]
[PlyCount "79"]
[EventDate "2016.03.20"]
[WhiteTeam "Grantham Sharks 2"]
[BlackTeam "KJCA Kings"]

1. d4 d5 2. Nf3 Nf6 3. e3 c5 4. c4 Nc6 5. cxd5 Nxd5 6. e4 Nf6 7. d5 Nxe4 8.
dxc6 Qxd1+ 9. Kxd1 Nxf2+ 10. Ke1 Nxh1 11. Bb5 Kd8 12. Bf4 e5 13. Nxe5 Ke7 14.
Nc3 f6 15. Nd3 a6 16. Nd5+ Ke6 17. Nc7+ Kf5 18. Nxa8 axb5 19. Nb6 bxc6 20. Nxc8
c4 21. Be3 cxd3 22. a3 c5 23. Kd2 c4 24. Nb6 Bd6 25. Rxh1 Re8 26. Nd5 Be5 27.
Nc3 Rb8 28. Bc5 Bf4+ 29. Kd1 Be5 30. Ke1 Ke6 31. Kf2 Kd7 32. Kf3 Kc6 33. Bb4
Rd8 34. h3 Rd4 35. Ke3 Rd8 36. Ra1 Re8 37. Kf3 Bd4 38. Rd1 h5 39. g3 Re3+ 40.
Kf4 1/2-1/2

[Event "4NCL Division 2c"]
[Site "Birmingham, ENG"]
[Date "2016.03.20"]
[Round "8.248"]
[White "Mao, Ximan"]
[Black "Batchelor, Guy J"]
[Result "1/2-1/2"]
[WhiteElo "1741"]
[BlackElo "1982"]
[PlyCount "74"]
[EventDate "2016.03.20"]
[WhiteTeam "KJCA Kings"]
[BlackTeam "Grantham Sharks 2"]

1. d4 Nf6 2. c4 e6 3. Nc3 Bb4 4. e3 O-O 5. a3 Bxc3+ 6. bxc3 c5 7. Bd3 d6 8. Ne2
e5 9. e4 Nc6 10. d5 Ne7 11. Bg5 Ng6 12. h3 h6 13. Bd2 Nh4 14. O-O Qd7 15. f4
Nxg2 16. f5 Nh4 17. Qe1 g5 18. Qg3 Kh7 19. Kh1 Rg8 20. Be1 Qa4 21. Qe3 Nh5 22.
Bxh4 gxh4 23. Rg1 Bd7 24. Qf3 Ng3+ 25. Nxg3 hxg3 26. Rxg3 Rxg3 27. Qxg3 Rg8 28.
Qf2 Qa5 29. Rg1 Qd8 30. Rxg8 Kxg8 31. Bc2 Kh7 32. Qg3 Be8 33. Bd1 f6 34. Qh4
Qe7 35. Bh5 Bf7 36. Qg4 Qe8 37. Bxf7 Qxf7 1/2-1/2